SHERLOCK HOLMES ÜÇ ÖĞRENCİNİN HİKAYESİ (Record no. 984457)
[ view plain ]
| 000 -LEADER | |
|---|---|
| sabit uzunluktaki kontrol alanı | 00273nam a2200097Ia 4500 |
| 001 - KONTROL NUMARASI | |
| kontrol alanı | 984457 |
| 005 - EN SON İŞLEMİN TARİH VE ZAMANI | |
| kontrol alanı | 20250826221025.0 |
| 008 - SABİT-UZUNLUKTA VERİ ÖĞELERİ--GENEL BİLGİ | |
| sabit uzunluktaki kontrol alanı | 250824s9999 xx 000 0 und d |
| 245 #0 - ESER / YAZAR | |
| ESER ADI | SHERLOCK HOLMES ÜÇ ÖĞRENCİNİN HİKAYESİ |
| Yazar Adı | ARTHUR CONAN DOYLE |
| 260 ## - YAYIN, DAĞITIM, VB. | |
| YAYIN EVİ | DOKUZ YAYINLARI |
No items available.